000 00510nam a2200145 a 4500
008 120416s1967 ||||||||||||||||| || u
050 _aQA 276 Rac
100 _aRactliffe, J. F
245 1 0 _aElements of mathematical statistics
250 _a2nd. ed.
260 _aOxford
_bOxford University Press
_c1967
300 _ax, 224p. : ill
350 _a0.00
995 _D0.00
_FCBU-MAIN LIBRARY (Kitwe)
_H1
_I0.00
_M1
_UAVAILABLE
_ZAnnex Low-Usage Collection
999 _c41669
_d41669